| 000 | 00474nam a2200121Ia 4500 | ||
|---|---|---|---|
| 008 | 220615s9999||||xx |||||||||||||| ||und|| | ||
| 100 | _aNong Gao (Ed.) | ||
| 245 | 0 | _aAluminum Alloys | |
| 546 | _aEnglish[eng] | ||
| 650 | _aProcesses and mechanical property Microstructural characterization||Wear||corrosion and surface behavior||Modelling and simulation||Aluminum alloys||fracture and fatigue||Strength | ||
| 856 | _uhttp://www.mdpi.com/books/pdfview/book/496 | ||
| 942 | _cEB | ||
| 999 |
_c12858 _d12858 |
||